| Tag |
First Indicator |
Second Indicator |
Subfields |
| LEADER |
00000cam a2200000Ka 4500 |
| 001 |
in00002665310 |
| 005 |
20151202114136.0 |
| 008 |
090818s2009 txuab b s000 0 eng d |
| 035 |
|
|
|a (OCoLC)ocn430949618
|
| 035 |
|
|
|a (OCoLC)430949618
|
| 040 |
|
|
|a ILU
|c ILU
|d ILU
|d TWT
|d TXA
|d UtOrBLW
|
| 043 |
|
|
|a n-us-tx
|
| 049 |
|
|
|a TXAM
|
| 050 |
|
4 |
|a F392.C4
|b L26453 2009
|
| 086 |
|
|
|a H2000.8 C355SI 2009
|2 txdocs
|
| 090 |
|
|
|a F392.C4
|b L3611 2009
|
| 100 |
1 |
|
|a Lance, Mark.
|
| 245 |
1 |
0 |
|a Cultural resources intensive pedestrian survey of approximately 0.63 acres of land associated with private property debris removal in Anahuac, Chambers County, Texas /
|c prepared by Mark Lance and Rebecca Mehok ; Rebecca Mehok, principal investigator.
|
| 264 |
|
1 |
|a [Texas?] :
|b Federal Emergency Management Agency,
|c [2009]
|
| 300 |
|
|
|a iii, 16 pages, 2 unnumbered leaves :
|b color illustrations, color maps ;
|c 28 cm.
|
| 336 |
|
|
|a text
|b txt
|2 rdacontent
|
| 337 |
|
|
|a unmediated
|b n
|2 rdamedia
|
| 338 |
|
|
|a volume
|b nc
|2 rdacarrier
|
| 500 |
|
|
|a Cover title.
|
| 500 |
|
|
|a "Prepared for: Texas Historical Commission, Austin, TX."
|
| 500 |
|
|
|a "May 18, 2009."
|
| 500 |
|
|
|a "Lead agency: Federal Emergency Management Agency."
|
| 500 |
|
|
|a Regulated by the Texas Historical Commission through the National Historic Preservation Act.
|
| 504 |
|
|
|a Includes bibliographical references (leaves 14-15).
|
| 650 |
|
0 |
|a Archaeological surveying
|z Texas
|z Chambers County.
|
| 650 |
|
0 |
|a Excavations (Archaeology)
|z Texas
|z Chambers County.
|
| 651 |
|
0 |
|a Chambers County (Tex.)
|x Antiquities.
|
| 700 |
1 |
|
|a Mehok, Rebecca S.
|
| 710 |
2 |
|
|a Texas Historical Commission.
|
| 710 |
1 |
|
|a United States.
|b Federal Emergency Management Agency.
|
| 994 |
|
|
|a C0
|b TXA
|
| 948 |
|
|
|a cataloged
|b h
|c 2011/1/19
|d c
|e jwilkinson
|
| 999 |
|
|
|a MARS
|
| 999 |
f |
f |
|s fa58201c-8fa3-380c-939c-7659c4bccdcc
|i a9ad7049-004e-304a-9b7c-1fa755430f4e
|t 0
|
| 952 |
f |
f |
|p ric
|a Texas A&M University
|b Rellis Campus
|c Joint Library Facility
|d Remote Storage
|t 0
|e F392.C4 L3611 2009
|h Library of Congress classification
|i unmediated -- volume
|m A14839260480
|
| 998 |
f |
f |
|a F392.C4 L3611 2009
|t 0
|l Remote Storage
|